Detalles MARC
| 000 -LEADER |
| fixed length control field |
02381nam a2200277 a 4500 |
| 001 - CONTROL NUMBER |
| control field |
000048323 |
| 003 - CONTROL NUMBER IDENTIFIER |
| control field |
DO-SdBNP |
| 005 - DATE AND TIME OF LATEST TRANSACTION |
| control field |
20230508090653.0 |
| 008 - FIXED-LENGTH DATA ELEMENTS--GENERAL INFORMATION |
| fixed length control field |
190128s2017 dr 000 0 spa d |
| 020 ## - INTERNATIONAL STANDARD BOOK NUMBER |
| International Standard Book Number |
9789945894639 |
| 040 ## - CATALOGING SOURCE |
| Original cataloging agency |
DO-SdBNP |
| Language of cataloging |
spa |
| Transcribing agency |
BPMSU |
| 082 ## - DEWEY DECIMAL CLASSIFICATION NUMBER |
| Classification number |
R920.72 |
| Item number |
M953p 2017 |
| Edition number |
22 |
| 245 14 - TITLE STATEMENT |
| Title |
Las mujeres y la patria / |
| Statement of responsibility, etc. |
compiladora Eleanor Grilmaldi Silié. |
| 260 ## - PUBLICATION, DISTRIBUTION, ETC. (IMPRINT) |
| Place of publication, distribution, etc. |
Santo Domingo : |
| Name of publisher, distributor, etc. |
Academia de Ciencias de la República Dominicana, |
| Date of publication, distribution, etc. |
2017. |
| 300 ## - PHYSICAL DESCRIPTION |
| Extent |
96 p. : |
| Other physical details |
il., retrs. ; |
| Dimensions |
23 cm. |
| 490 0# - SERIES STATEMENT |
| Series statement |
Publicaciones de la Ademia de Ciencias de la República Dominicana; |
| -- |
Conferencias |
| 504 ## - BIBLIOGRAPHY, ETC. NOTE |
| Bibliography, etc |
Bibliografía: p. 95-96 |
| 505 0# - FORMATTED CONTENTS NOTE |
| Formatted contents note |
• Presentación -- 11 • Introducción -- 15 • Las mujeres… y la patria -- 17 • Diego Colón -- 31 • Mujeres en la independencia -- 35 • Concepción Bona -- 36 • Josefa Antonia Pérez de la Paz -- 38 • Otras mujeres febreristas -- 40 • María Trinidad Sánchez (1794-1845) -- 40 • Mujeres de la familia Duarte -- 43 • Manuela Diez y Rosa Duarte -- 43 • María de las Angustias Villa (1814/1898) -- 47 • Filomena Joaquina Gómez Grateró, viuda de la Cova -- 48 • Froilana Febles -- 49 • María de Jesús Pina -- 50 • Rosa Bastardo de Guillermo -- 51 • María Baltazara de los Reyes -- 52 • Josefa Perdomo y Heredia -- 54 • Ana Valverde -- 54 • Juana de la Merced Trinidad. Juana Saltitopa conocida como la Coronela -- 57 • Petronila Gau -- 58 • María Rosa Montás de Duvergé -- 60 • Socorro Sánchez -- 62 • La mujer en la vida republicana. Su educación -- 67 • La mujer en la ocupación norteamericana -- 67 • Algunas mujeres lucharon dentro del país y desde el exterior durante la ocupación norteamericana de 1916 -- 68 • Mujeres y oposición durante la dictadura de Rafael Trujillo -- 72 • Evangelina Rodríguez Perozo -- 74 • Las mujeres en abril -- 75 • Hilda Gautreau -- 75 • Yolanda Guzmán -- 76 • Emma Tavárez Justo -- 76 • Piky Lora -- 77 • Aniana Vargas -- 78 • Bibliografía -- 95 |
| 590 ## - LOCAL NOTE (RLIN) |
| Local note |
Inventariado, 2021/VM |
| 650 #4 - SUBJECT ADDED ENTRY--TOPICAL TERM |
| Topical term or geographic name as entry element |
Mujeres en la historia |
| Geographic subdivision |
República Dominicana |
| Form subdivision |
|
| Source of heading or term |
|
| 651 #4 - SUBJECT ADDED ENTRY--GEOGRAPHIC NAME |
| Geographic name |
República Dominicana |
| General subdivision |
Historia |
| 700 1# - ADDED ENTRY--PERSONAL NAME |
| Personal name |
Grimaldi Silié, Eleanor |
| Dates associated with a name |
1948- |
| Relator term |
compiladora |
| 710 2# - ADDED ENTRY--CORPORATE NAME |
| Corporate name or jurisdiction name as entry element |
Academia de Ciencias de la República Dominicana |
| 910 ## - USER-OPTION DATA (OCLC) |
| User-option data |
VMateo V. Control de calidad (BPMSU) |
| 942 ## - ADDED ENTRY ELEMENTS (KOHA) |
| Source of classification or shelving scheme |
Dewey Decimal Classification |
| Koha item type |
Libros |